01076nam a22003017a 4500001001300000003000900013005001700022007000300039008003400042040005400076041001000130072001900140090002200159100001600181110006600197245011300263260003400376300001000410500005900420650001100479650001800490650002500508650002300533909003600556942000700592999001700599952015800616BR2012001753BR-BrBNA20230928103919.0ta230509b bl.||||| |||| 00| 0 por d aBR-BrBNAbporcBiblioteca Nacional de Agricultura a(Por) aF06; F01b2120  2120 BR20120017531 aSerra, E.L.1 aUniversidade Federal de Lavras, MG (Brasil)0Tese (Doutorado)1 aProdutividade do cafeeiro (Coffea arabica L.)sob diferentes regimes de irrigação e densidades de plantio3 aLavras, MG (Brasil): c2011.  a62 p. aSummaries (Eng, Por); Bibliography p. 50-59; 8 tables  aCAFÉ aIRRIGAÇÃO aDENSIDADE DE PLANTIO aPRÁTICA CULTURAL a202309bLuciac55dLucia Elande cBK c77216d77216 002AGRIS40708AGROBASEa41918b41918l0o 2120 BR2012001753p2120 BR2012001753r2023-09-25t01yBK10d2023-09-25ePortaria Interministerial nº 164/94